Sports Quiz

Random Sports or Baseball Quiz

MLB Strikeout Kings (2000s) Quiz Stats

 Plays Quiz Updated Nov 26, 2018

Challenge
Share
Tweet
Embed
Score 0/150 Timer 15:00
0 Plays Today
Team Pitcher % Correct
Arizona DiamondbacksRandy Johnson
96.5%
Arizona DiamondbacksCurt Schilling
87%
Boston Red SoxCurt Schilling
87%
Cleveland IndiansCC Sabathia
84.3%
New York YankeesRoger Clemens
82.1%
Atlanta BravesGreg Maddux
81.2%
Toronto Blue JaysRoy Halladay
81.2%
Minnesota TwinsJohan Santana
80.7%
Boston Red SoxPedro Martinez
80.5%
New York MetsPedro Martinez
80.5%
Atlanta BravesTom Glavine
80.4%
New York MetsTom Glavine
80.4%
Los Angeles AngelsErvin Santana
80.2%
Atlanta BravesJohn Smoltz
79.8%
Cleveland IndiansCliff Lee
79.4%
Houston AstrosRoy Oswalt
77.7%
Oakland AthleticsBarry Zito
76%
Chicago CubsCarlos Zambrano
75.4%
Boston Red SoxJosh Beckett
75.1%
Florida MarlinsJosh Beckett
75.1%
St. Louis CardinalsChris Carpenter
75%
Tampa Bay RaysVictor Zambrano
74.7%
Seattle MarinersFelix Hernandez
73.3%
San Francisco GiantsLivan Hernandez
73.1%
Washington NationalsLivan Hernandez
73.1%
New York YankeesOrlando Hernandez
73%
Detroit TigersJustin Verlander
72.6%
Atlanta BravesTim Hudson
71.7%
Oakland AthleticsTim Hudson
71.7%
New York YankeesAndy Pettitte
68.4%
Chicago CubsKerry Wood
68.3%
San Francisco GiantsTim Lincecum
67.9%
New York YankeesMike Mussina
67.5%
Kansas City RoyalsZack Greinke
67.3%
Boston Red SoxTim Wakefield
64.8%
Chicago White SoxMark Buehrle
64.6%
San Diego PadresJake Peavy
63.1%
New York YankeesMariano Rivera
61.9%
Arizona DiamondbacksBrandon Webb
60.5%
Philadelphia PhilliesCole Hamels
59.3%
Oakland AthleticsMark Mulder
58.4%
Chicago CubsMark Prior
57.9%
St. Louis CardinalsAdam Wainwright
55.1%
Los Angeles AngelsJohn Lackey
55%
Houston AstrosWandy Rodriguez
54.9%
Los Angeles AngelsFrancisco Rodriguez
54.9%
Florida MarlinsDontrelle Willis
52%
Milwaukee BrewersBen Sheets
51.9%
Cincinnati RedsBronson Arroyo
51.9%
Seattle MarinersJamie Moyer
51.4%
Team Pitcher % Correct
Florida MarlinsA.J. Burnett
50.7%
Toronto Blue JaysA.J. Burnett
50.7%
Colorado RockiesUbaldo Jimenez
49.1%
Arizona DiamondbacksDan Haren
47.9%
Oakland AthleticsDan Haren
47.9%
Boston Red SoxDerek Lowe
47.8%
Los Angeles DodgersDerek Lowe
47.8%
Cincinnati RedsAaron Harang
46.8%
San Francisco GiantsMatt Cain
45.8%
Tampa Bay RaysScott Kazmir
44.1%
Detroit TigersJeff Weaver
43.9%
San Diego PadresTrevor Hoffman
41.7%
Tampa Bay RaysJames Shields
40.7%
Los Angeles AngelsScot Shields
40.4%
Atlanta BravesKevin Millwood
39.6%
Texas RangersKevin Millwood
39.6%
Texas RangersKenny Rogers
38.2%
San Francisco GiantsJason Schmidt
37.5%
Chicago White SoxFreddy Garcia
37.3%
Seattle MarinersFreddy Garcia
37.3%
Cleveland IndiansBartolo Colon
37.2%
Pittsburgh PiratesKip Wells
36.8%
Toronto Blue JaysTed Lilly
35.6%
Detroit TigersJeremy Bonderman
33.8%
Colorado RockiesJeff Francis
31.7%
Los Angeles DodgersKevin Brown
31%
Milwaukee BrewersYovani Gallardo
30.9%
Chicago CubsRyan Dempster
30.8%
Los Angeles DodgersEric Gagne
30.6%
Colorado RockiesAaron Cook
30%
Cincinnati RedsJohnny Cueto
29.8%
Chicago White SoxJavier Vazquez
29.5%
Washington NationalsJavier Vazquez
29.5%
St. Louis CardinalsMatt Morris
29.4%
Tampa Bay RaysMatt Garza
29.3%
San Diego PadresChris Young
29.2%
Oakland AthleticsRich Harden
28.9%
Philadelphia PhilliesBrett Myers
28.2%
Cleveland IndiansJake Westbrook
28.1%
New York MetsOliver Perez
26.7%
Pittsburgh PiratesOliver Perez
26.7%
St. Louis CardinalsWoody Williams
26.6%
Los Angeles DodgersOdalis Perez
26.6%
Baltimore OriolesErik Bedard
26.5%
Houston AstrosBrad Lidge
25.8%
Chicago White SoxJon Garland
25.8%
Florida MarlinsBrad Penny
25.7%
Minnesota TwinsBrad Radke
25.7%
New York MetsAl Leiter
25.3%
Minnesota TwinsJoe Nathan
25.3%
Team Pitcher % Correct
Los Angeles DodgersChad Billingsley
24.2%
Philadelphia PhilliesRandy Wolf
23.6%
Baltimore OriolesB.J. Ryan
22.9%
Chicago White SoxJose Contreras
22.8%
Kansas City RoyalsGil Meche
22.2%
Seattle MarinersGil Meche
22.2%
Milwaukee BrewersDoug Davis
21.8%
Baltimore OriolesRodrigo Lopez
21.5%
Philadelphia PhilliesVicente Padilla
20.9%
Texas RangersVicente Padilla
20.9%
Kansas City RoyalsJeff Suppan
20.5%
San Francisco GiantsRuss Ortiz
20.1%
Detroit TigersNate Robertson
19.2%
Baltimore OriolesSidney Ponson
18.7%
Baltimore OriolesDaniel Cabrera
17.9%
Texas RangersFrancisco Cordero
17.8%
Minnesota TwinsScott Baker
16.5%
St. Louis CardinalsDarryl Kile
15.7%
Pittsburgh PiratesPaul Maholm
15.6%
Houston AstrosWade Miller
14.2%
New York MetsSteve Trachsel
14.1%
Chicago CubsMatt Clement
13.3%
Minnesota TwinsKyle Lohse
13.1%
Colorado RockiesJason Jennings
12.5%
Milwaukee BrewersChris Capuano
12.5%
Detroit TigersMike Maroth
12.5%
Los Angeles AngelsJarrod Washburn
12.5%
Pittsburgh PiratesIan Snell
11.4%
Pittsburgh PiratesKris Benson
11.4%
Milwaukee BrewersDavid Bush
11.3%
Florida MarlinsRicky Nolasco
11.1%
Kansas City RoyalsBrian Bannister
10.8%
Arizona DiamondbacksMiguel Batista
9.9%
Toronto Blue JaysKelvim Escobar
9%
Houston AstrosOctavio Dotel
8.9%
Seattle MarinersJoel Pineiro
8.2%
Colorado RockiesBrian Fuentes
7.8%
Kansas City RoyalsDarrell May
7%
Philadelphia PhilliesRyan Madson
5.4%
Washington NationalsTony Armas
5.3%
San Diego PadresAdam Eaton
5.3%
Washington NationalsJohn Patterson
4%
Washington NationalsTomo Ohka
3.9%
Texas RangersJoaquin Benoit
3.5%
Cincinnati RedsElmer Dessens
3.5%
San Diego PadresBrian Lawrence
3.4%
Tampa Bay RaysTanyon Sturtze
2.8%
Toronto Blue JaysJason Frasor
2.8%
Cleveland IndiansRafael Betancourt
2.6%
Cincinnati RedsScott Sullivan
2.5%

You're not logged in!

Compare scores with friends on all Sporcle quizzes.
OR
Log In

You Might Also Like...

Show Comments

Extras

Top Quizzes Today


Score Distribution

Your Account Isn't Verified!

In order to create a playlist on Sporcle, you need to verify the email address you used during registration. Go to your Sporcle Settings to finish the process.

Report this User

Report this user for behavior that violates our Community Guidelines.

Details: